Simulační modelování v racionalizaci strojírenské výroby

Na minha lista:
Detalhes bibliográficos
Autor principal: Fähnrich, Jiří
Outros Autores: Lebr, Josef, Němec, František
Formato: Livro
Idioma:tcheco
Publicado em: Praha Výzkumný ústav strojírenské technologie a ekonomiky 1975
Colecção:Knižnice VUSTE sv. 110
Tags: Adicionar Tag
Sem tags, seja o primeiro a adicionar uma tag!

MARC

LEADER 00000nam a2200000 4500
001 c119511
005 20041019155214.3
041 0 |a cze 
044 |a CZ 
245 1 0 |a Simulační modelování v racionalizaci strojírenské výroby  |c Jiří Fähnrich, Josef Lebr, František Němec 
264 1 |a Praha  |b Výzkumný ústav strojírenské technologie a ekonomiky  |c 1975 
300 |a 190 s. 
490 1 |a Knižnice VUSTE  |v sv. 110 
830 0 |a Knižnice VUSTE  |v sv. 110 
100 1 |a Fähnrich, Jiří 
700 1 |a Lebr, Josef 
700 1 |a Němec, František